LEADER 01359nam a2200325 a 4500 001 000000151458 003 CaOOAMICUS 005 20160429123248.0 008 160429s2016 it u000 u ita r 020 $z978-88-372-2930-6* 032 $aLibriCat 040 $aPUL$bita 082 04$a230 100 1 $aScholem, Gershom Gerhard,$d1897-1982.$0(OLS)http://pul/name/1824 245 10$aGiona e la giustizia e altri scritti giovanili /$cGershom Scholem ; a cura di Irene Kajon. 260 $aBrescia :$bMorcelliana,$c©2016. 300 $a87 p. ;$c19 cm. 490 1 $aIl pellicano rosso. Nuova serie ;$v243 504 $aBibliografia in nota a piè pagina. 650 14$aGiustizia.$0(OLS)http://pul/subject/5671 700 1 $aKajon, Irene.$0(OLS)http://pul/name/54649 830 3$aIl pellicano rosso.$pNuova serie ;$v243.$0(OLS)http://pul/title/103420 850 $aPUL 852 $aPUL$W1$xSL Religione 3$y85$m230 COLL 12.243$j174013$qDDC 21$B176444$CPULBib$Z2$F176444 $H127654 $81 941 1 $a9 996 $6020$z978-88-372-2930-6*$9(OLS)http://pul/number/160327 996 $6082$a230$9(OLS)http://pul/classification/368 996 $6245$aGiona e la giustizia e altri scritti giovanili$9(OLS)http://pul/title/190717 996 $6260$aBrescia :$bMorcelliana$9(OLS)http://pul/publisher/47854 LEADER 01502nam a2200313 a 4500 001 000000130270 003 CaOOAMICUS 005 20120920131814.0 008 120920s2012 it u000 u ita r 040 $aPUL$bita 082 04$a249 100 1 $aMartini, Carlo Maria,$ccardinale, arcivescovo di Milano,$d1927-2012.$0(OLS)http://pul/name/6653 245 13$aIl tempo della famiglia e dell'amore /$cCarlo Maria Martini, Dionigi Tettamanzi, Angelo Scola ; a cura di Marco Garzonio. 260 $aMilano :$bCorriere della Sera ;$aMilano :$bR.C.S. Quotidiani,$c©2012. 300 $a299 p. ;$c19 cm 500 $aEdizione speciale per il Corriere della Sera. 504 $aBibliografia in nota. 650 4$aFamiglia$xConcezione cristiana.$0(OLS)http://pul/subject/38788 700 1 $aScola, Angelo,$carciv. emerito di Milano.$0(OLS)http://pul/name/13084 700 1 $aTettamanzi, Dionigi,$ccardinale,$d1934-2017.$0(OLS)http://pul/name/30831 700 1 $aGarzonio, Marco.$0(OLS)http://pul/name/64039 850 $aPUL 852 $aPUL$W1$xSL Religione 3$y85$m249 MARCA 1$j150797$qDDC 21$B149373$CPULBib$Z2$F149373 $H120365 $82 941 1 $a9 996 $6082$a249$9(OLS)http://pul/classification/1709 996 $6245$aIl tempo della famiglia e dell'amore$9(OLS)http://pul/title/164646 996 $6260$aMilano :$bCorriere della Sera$9(OLS)http://pul/publisher/81487 996 $6260$aMilano :$bR.C.S. Quotidiani$9(OLS)http://pul/publisher/79195